000 01572cam a2200277Ia 4500
999 _c6189
_d6189
001 5353
003 GBCCL
005 20241126110558.0
006 a 000 0
008 770628s1950 miu 00000 eng u
035 _aOCM03079912 830521
040 _cMOE
_dm.c.
_dLBB
049 _aLBBK
082 _a220.77
_bPUL
090 _aBS491
_b.S77 1950
092 _a220.07
_bS744
100 1 _aSpence-Jones, H. D. M.
_q(Henry Donald Maurice),
_d1836-1917,
_eed.
_911124
245 1 4 _aThe pulpit commentary /
_cedited by H. D. M. Spence and by Joseph S. Exell.
260 _aGrand Rapids, Mich. :
_bWm. B. Eerdmans Pub. Co.,
_c1950.
300 _a23 v. ;
_c24 cm.
505 0 _a[I] Genesis. Exodus -- [II] Leviticus. Numbers -- [III] Deuteronomy. Joshua. Judges -- [IV] Ruth. I Samuel. II Samuel -- [V] I Kings. II Kings -- [VI] I Chronicles. II Chronicles -- [VII] Ezra. Nehemiah. Esther. Job -- [VIII] Psalms -- [IX] Proverbs. Ecclesiastes. Song of Solomon -- [X] Isaiah -- [XI] Jeremiah. Lamentations -- [XII] Ezekiel -- [XIII] Daniel. Hosea. Joel -- [XIV] Amos to Malachi -- [XV] Matthew -- [XVI] Mark. Luke -- [XVII] Gospel of John -- [XVIII] Acts. Romans -- [XIX] Corinthians -- [XX] Galatians. Ephesians. Philippians. Colossians -- [XXI] Thessalonians. Timothy. Titus. Philemon. Hebrews. James -- [XXII] Epistles of Peter, John, Jude, The Revelation -- [XXIII] General Index.
630 0 0 _aBible
_xCommentaries.
_91243
700 1 _aExelll, Joseph S.
_q(Joseph Samuel),
_d1849- .
_91244
700 1 _aDeems, Edward Mark,
_d1852-1929.
_91245
942 _2ddc
_cREF